|
|
|
|
| LEADER |
03152nam a2200685 aa4500 |
| 001 |
nkc20102106205 |
| 003 |
CZ PrNK |
| 005 |
20240506064419.0 |
| 007 |
ta |
| 008 |
100512s2010 xr ach d p 001 0 cze |
| 015 |
|
|
|a cnb002106205
|
| 020 |
|
|
|a 978-80-7358-152-7
|q (učebnice ;
|q brož.)
|
| 020 |
|
|
|a 978-80-7358-153-4
|q (pracovní sešit ;
|q brož.)
|
| 020 |
|
|
|a 978-80-7358-154-1
|q (průvodce pro učitele ;
|q brož.)
|
| 035 |
|
|
|a (OCoLC)649802453
|
| 040 |
|
|
|a BOA001
|b cze
|d OLA001
|d BOA001
|
| 072 |
|
7 |
|a 3
|x Společenské vědy
|2 Konspekt
|9 18
|
| 072 |
|
7 |
|a 37.016
|x Učební osnovy. Vyučovací předměty. Učebnice
|2 Konspekt
|9 22
|
| 080 |
|
|
|a 3
|2 MRF
|
| 080 |
|
|
|a 316.3
|2 MRF
|
| 080 |
|
|
|a 32
|2 MRF
|
| 080 |
|
|
|a 321.01
|2 MRF
|
| 080 |
|
|
|a (075.3)
|2 MRF
|
| 080 |
|
|
|a (076.1)
|2 MRF
|
| 080 |
|
|
|a (072)
|2 MRF
|
| 245 |
0 |
0 |
|a Společenské vědy pro střední školy.
|n 2. díl /
|c [autorsky zpracovali Pavel Dufek ... et al.]
|
| 250 |
|
|
|a Vyd. 1.
|
| 260 |
|
|
|a Brno :
|b Didaktis,
|c c2010
|
| 300 |
|
|
|a 3 sv. :
|b il. (převážně barev.), portréty, faksim. ;
|c 30 cm
|
| 500 |
|
|
|a Autorské zpracování průvodce pro učitele: Martin Drnek, Jan Dvořák
|
| 500 |
|
|
|a Dostupné též v digitální podobě v aplikaci Kramerius
|
| 504 |
|
|
|a Obsahuje bibliografii a rejstřík
|
| 505 |
0 |
|
|a učebnice. 87 s. -- pracovní sešit. 91 s. -- průvodce pro učitele. 83 s.
|
| 650 |
0 |
7 |
|a společenské vědy
|7 ph116244
|2 czenas
|
| 650 |
0 |
7 |
|a společnost
|7 ph116245
|2 czenas
|
| 650 |
0 |
7 |
|a politika
|7 ph115795
|2 czenas
|
| 650 |
0 |
7 |
|a stát
|7 ph126176
|2 czenas
|
| 650 |
0 |
9 |
|a social sciences
|2 eczenas
|
| 650 |
0 |
9 |
|a society
|2 eczenas
|
| 650 |
0 |
9 |
|a politics
|2 eczenas
|
| 650 |
0 |
9 |
|a State, The
|2 eczenas
|
| 655 |
|
7 |
|a učebnice středních škol
|7 fd133771
|2 czenas
|
| 655 |
|
7 |
|a pracovní sešity
|7 fd133116
|2 czenas
|
| 655 |
|
7 |
|a metodické příručky
|7 fd132826
|2 czenas
|
| 655 |
|
9 |
|a textbooks (secondary)
|2 eczenas
|
| 655 |
|
9 |
|a activity books
|2 eczenas
|
| 655 |
|
9 |
|a methodological manuals
|2 eczenas
|
| 700 |
1 |
|
|a Dufek, Pavel,
|d 1980-
|7 pna2010581830
|4 aut
|
| 700 |
1 |
|
|a Drnek, Martin
|7 mzk2010602184
|4 aut
|
| 700 |
1 |
|
|a Dvořák, Jan,
|d 1981-
|7 mzk2008453164
|4 aut
|
| 910 |
|
|
|a BOA001
|b 4-1243.438
|s učebnice, pracovní sešit, průvodce pro učitele
|
| 990 |
|
|
|a BK
|
| 995 |
|
|
|a 01
|
| 991 |
|
|
|b 201006
|c NOV
|e n
|
| 996 |
6 |
|
|b 2610437852
|c 4-1243.438
|d 1, učebnice
|v 1
|l MZK
|r Sklad / do 1 hodiny
|n 52
|p p.v.
|w 001122686
|u 000010
|a 1
|e BOA001
|j MZK50
|s P
|
| 996 |
7 |
|
|b 2610437853
|c 4-1243.438
|d 1, učebnice
|v 1
|l MZK
|r Sklad / do 1 hodiny
|n 61
|p p.v.
|w 001122686
|u 000020
|a 1
|e BOA001
|j MZK50
|s A
|
| 996 |
6 |
|
|b 2610437854
|c 4-1243.438
|d 2, pracovní sešit
|v 2
|l MZK
|r Sklad / do 1 hodiny
|n 18
|p p.v.
|w 001122686
|u 000030
|a 1
|e BOA001
|j MZK50
|s P
|
| 996 |
7 |
|
|b 2610437855
|c 4-1243.438
|d 2, pracovní sešit
|v 2
|l MZK
|r Sklad / do 1 hodiny
|n 32
|p p.v.
|w 001122686
|u 000040
|a 1
|e BOA001
|j MZK50
|s A
|
| 996 |
6 |
|
|b 2610449200
|c 4-1243.438
|d 3, průvodce pro učitele
|v 3
|l MZK
|r Sklad / do 1 hodiny
|n 19
|p p.v.
|w 001122686
|u 000050
|a 1
|e BOA001
|j MZK50
|s P
|
| 996 |
7 |
|
|b 2610449201
|c 4-1243.438
|d 3, průvodce pro učitele
|v 3
|l MZK
|r Sklad / do 1 hodiny
|n 43
|p p.v.
|w 001122686
|u 000060
|a 1
|e BOA001
|j MZK50
|s A
|